Emin Bey'in defteri (Record no. 8607)

MARC details
000 -BAŞLIK
Sabit Uzunlukta Kontrol Alanı 00973na a2200313 4500
001 - KONTROL NUMARASI
Denetim Alanı 15772
003 - KONTROL NUMARASI IDENTIFIER
Denetim Alanı MIRAKIL
005 - SON İŞLEM TARİHİ VE ZAMANI
Denetim Alanı 20181213155218.0
008 - SABİT-BOY VERİ ELEMANLARI - GENEL BİLGİLER
Sabit Uzunlukta Kontrol Alanı 161001b tu 000 0
020 ## - ULUSLARARASI STANDART KİTAP NUMARASI
Uluslararası Standart Kitap Numarası 9789759671037
035 ## - SİSTEM KONTROL NUMARASI
Sistem Kontrol Numarası 15772
040 ## - KATALOGLAMA KAYNAK
Orijinal Kataloglama Ajansı Milas
Kataloglama Dili tur
Metne Dönüştürmek Ajansı TR-AnCHP
041 ## - DİL KODU
Metin / Ses Parça Veya Ayrı Başlığın Dil Kodu tur
082 ## - DEWEY ONLU SINIFLANDIRMA NUMARASI
Sınıflandırma Numarası 923.2 Sazak,E.
Ürün Numarası S29e
090 ## - SINIFLAMA NUMARASI
Sınıflama Numarası 923.2 Sazak,E. S29e 2007
100 ## - ANA GİRİŞ - KİŞİSEL İSİM
Kişisel Ad Sazak, M. Emin
Bir Adıyla İlişkilendirilen Tarihler 1882 - 1960
245 ## - BAŞLIK TABLOSU
Başlık Emin Bey'in defteri
Başlığın Kalan hatıralar
Sorumluluk Tablosu, Vb M. Emin Sazak ; yayına hazırlayan Himmet Kayhan
246 ## - UNVAN FORM VARYING
Başlık Doğru / Kısa Başlığı Emin Beyin defteri
246 ## - UNVAN FORM VARYING
Başlık Doğru / Kısa Başlığı Emin Beyin hatıraları
260 ## - YAYIN, DAĞITIM, VB
Yayın, Dağıtım, Vb Yeri Ankara
Yayıncı, Dağıtıcı, Vs Adı Tolkun
Yayın, Dağıtım, Vb Tarihi 2007
300 ## - FİZİKSEL TANIM
Kapsam 383 s.
Diğer Fiziksel Ayrıntıları prtre; hrt.
Boyutlar 24 sm.
504 ## - KAYNAKÇA VB NOT
Kaynakça Vb Notu Kaynakça var.
600 ## - KONU KATMA GİRİŞ - KURUMSAL ADI
Kişisel Ad Sazak, M. Emin
Başlıklar Ve Bir Adla İlişkili Diğer Kelimeler Milletvekili
Bir Adıyla İlişkilendirilen Tarihler 1882 - 1960
Genel Alt Bölümü Anılar
650 ## - KONU KATMA GİRİŞ - TOPİKAL DÖNEM
Topikal Süreli Veya Coğrafi Ad Giriş Elemanı Siyasetçiler
Genel Alt Bölümü Yaşamöyküsü
Coğrafi Alt Bölümü Türkiye
651 ## - KONU KATMA GİRİŞ - COĞRAFİ ADI
Coğrafi İsim Türkiye
Genel Alt Bölümü Siyaset ve yönetim
Kronolojik Alt Bölümü 1920-1950
651 ## - KONU KATMA GİRİŞ - COĞRAFİ ADI
Coğrafi İsim Türkiye
Genel Alt Bölümü Tarih
Kronolojik Alt Bölümü 1920-1950
942 ## - EKLENDİ GİRİŞ ELEMANLARI (KOHA)
Sınıflandırma Veya Raf Düzeni Kaynak
Koha Öğesi Türü Books
999 ## - SİSTEM KONTROL NUMARALARI (KOHA)
Koha Biblionumber 8607
Koha Biblioitemnumber 8607
657 ## - INDEX SÜRE - İŞLEVİ
-- Siyasal anılar
Holdings
Kalıcı Konum Mevcut Konum Edinme Tarihi Edinim Kaynak Toplam Check-Out'Lar Tam Çağrı Numarası Barkod Tarih Son Görülme İtibaren Geçerli Fiyatlar Koha Öğesi Türü Kopya Sayısı
CHP Kütüphanesi CHP Kütüphanesi 09/23/2016 Bağış   923.2 Sazak,E. S29e 2007 005611 09/23/2016 09/23/2016 Books k.2
Parti Okulu Kütüphanesi Parti Okulu Kütüphanesi 09/23/2016 Bağış   923.2 Sazak,E. S29e 2007 P00637 09/23/2016 09/23/2016 Books